Statystyki dla Czy rozpoznasz znane loga ?

Kliknij tutaj aby rozwiązać quiz!

Ogólne statystyki

  • Ten quiz został rozwiązany 2 403 razy
  • Średni wynik to 14 z 14

Statystyki odpowiedzi

Odpowiedź% Poprawnych
Adidas
100%
Facebook
100%
Nike
100%
Apple
99%
Biedronka
99%
Puma
99%
Youtube
99%
Google Chrome
98%
Polsat
98%
Snapchat
97%
Twitter
97%
Wikipedia
96%
T-Mobile
95%
WhatsApp
93%

Rozkład punktacji

Percentyl według liczby udzielonych odpowiedzi

Procent ludzi z każdym wynikiem

Twoja historia wyników

Nie rozwiązałeś tego quizu